| 000 | 01608nam1a2200289 i 4500 | ||
|---|---|---|---|
| 001 | RU\NLR\bibl\1278609 | ||
| 005 | 20260409073909.0 | ||
| 035 | _a(NLR Aleph) 001264406 | ||
| 090 |
_a399444 _c399444 |
||
| 100 | _a20080926g20089999u y0rusy50 ca | ||
| 101 | 0 | _arus | |
| 102 | _aRU | ||
| 105 | _a||||z ||||| | ||
| 200 | 1 |
_aСистема государственного и муниципального управления _eучебное пособие _fТ.Ю. Лушникова _gФедер. агентство по образованию, Гос. образоват. учреждение высш. проф. образования "Челяб. гос. ун-т", Центр заоч. и дистанц. образования |
|
| 210 |
_aЧелябинск _cЧелябинский государственный университет _d2008 |
||
| 215 | _d20 | ||
| 463 | 0 | _10011237553 | |
| 606 |
_aГосударственное управление _jУчебные издания для высших учебных заведений _yРоссийская Федерация _92104841 _3RU\NLR\auth\661272589 |
||
| 606 | 1 |
_aМуниципальное управление _jУчебные издания для высших учебных заведений _yРоссийская Федерация _92098532 _3RU\NLR\auth\661269465 |
|
| 686 | _aХ621я73 | ||
| 686 | _aХ621.011.2я73 | ||
| 700 | 1 |
_aЛушникова _bТ. Ю. _gТатьяна Юрьевна _4070 |
|
| 801 | 0 |
_aRU _bNLR _c20080926 _gRCR |
|
| 801 | 1 |
_aRU _bNLR _c20080926 |
|
| 852 |
_aNLR _j2008-3/16807 |
||
| 942 | _cBOOK | ||